Estatísticas para Municípios da Região Metropolitana de Palmas (TO) no mapa

Clique aqui para jogar o quiz

Estatísticas Gerais

  • Esse quiz foi jogado 15 vezes
  • A pontuação média é 10 de 16

Respostas no mapa

Respostas codificadas por cores de uma escala verde-vermelha no mapa do quiz de acordo com a % correta abaixo.
 

Estatísticas das Respostas

Município% Correto
Palmas
100%
Lajeado
83%
Porto Nacional
83%
Miracema do Tocantins
75%
Tocantínia
75%
Miranorte
67%
Paraíso do Tocantins
67%
Aparecida do Rio Negro
58%
Monte do Carmo
58%
Barrolândia
50%
Brejinho de Nazaré
50%
Fátima
50%
Ipueiras
50%
Oliveira de Fátima
50%
Pugmil
50%
Silvanópolis
50%

Distribuição das Pontuações

Percentil de Números Respondidos

Porcentagem de Pessoas com Cada Pontuação

Sua Pontuação Histórica

Você não jogou esse quiz